|
|
|
|
| LEADER |
00000cam a2200000 7i4500 |
| 001 |
0000003187 |
| 005 |
20050310.0 |
| 020 |
0 |
0 |
|a 0851995985
|
| 090 |
0 |
0 |
|a 634.961
|b ENV
|
| 245 |
0 |
0 |
|a Environmental change and geomorphic hazards in forests
|c edited by Roy C. Sidle.
|
| 260 |
0 |
0 |
|a Wallingford, Oxon, UK ;
|a New York, NY, USA : :
|b CABI Pub. in association with the International Union of Forest Research Organizations, ,
|c c2002.
|
| 300 |
|
|
|a ix, 241 p. : :
|b ill., maps ; ;
|c 24 cm.
|
| 440 |
0 |
0 |
|a IUFRO research series ;
|v 9
|
| 650 |
0 |
0 |
|a Climatic changes.
|
| 650 |
0 |
0 |
|a Forest ecology.
|
| 650 |
0 |
0 |
|a Forests and forestry
|x Environmental aspects.
|
| 650 |
0 |
0 |
|a Hazardous geographic environments.
|
| 700 |
1 |
1 |
|a Sidle, Roy C.
|
| 710 |
2 |
1 |
|a International Union of Forest Research Organizations.
|
| 999 |
|
|
|a 0000006137
|b Monograph
|c Open Shelf
|e Default branch
|